000 00365nam a2200145Ia 4500
008 230917s9999||||xx |||||||||||||| ||und||
040 _e121944
_aMAIN
041 _aEnglish
082 _a647.94026 M568H
100 _aMetti, M C
245 0 _aHotel, restaurant and travel law
260 _aNew Delhi
_bAnmol Publications
_c2008
300 _a268 p.
942 _cBK
999 _c146721
_d146721